Textul imnului „Deșteaptă-te, române!” - Statistics

General Stats
  • This quiz has been taken 10 times
  • The average score is 53 of 113
Answer Stats
Text % Correct
{a}
100%
{de}
100%
{care}
86%
{Deșteaptă-te},
86%
{e}
86%
{La}
86%
{roman},
86%
{române},
86%
{Acum}
71%
{cel}
71%
{cruzii}
71%
{Cu}
71%
{cu}
71%
{dăm}
71%
{din}
71%
{cu}
71%
{dovezi}
71%
{dușmani}.
71%
{În}
71%
{în}
71%
{lume}
71%
{moarte},
71%
{moarte}"
71%
{ori}
71%
{să}
71%
{și}
71%
{Și}
71%
{somnul}
71%
{tăi}
71%
{altă}
57%
{aste}
57%
{barbarii}
57%
{Că-n}
57%
{că-n}
57%
{croiește-ți}
57%
{mai}
57%
{niciodată}
57%
{sânge}
57%
{se-nchine}
57%
{te-adânciră}
57%
{tirani}
57%
{Traian}.
57%
{curge}
43%
{noastre}
43%
{nume}
43%
{păstrăm}
43%
{piepturi}
43%
{un}
43%
{fală-un}
29%
{lupte},
29%
{mâni}
29%
{Româna}
29%
{soarte},
29%
{Triumfător}
29%
{ai}
14%
{armate},
14%
{bine-n}
14%
{brațele}
14%
{căci}
14%
{Corvine},
14%
{creștină},
14%
{crucea-n}
14%
{Decât}
14%
{deplină},
14%
{Deviza-i}
14%
{ei}
14%
{fim}
14%
{focul}
14%
{frunte}
14%
{glorie}
14%
{iarăși}
14%
{libertate}
14%
{luptă},
14%
{mărețe}
14%
{Mihai},
14%
{Murim}
14%
{națiune},
14%
{nost'pământ}.
14%
{oastea}
14%
{preasfânt}.
14%
{Preoți},
14%
{Priviți},
14%
{sclavi}
14%
{scopul}
14%
{Ștefan},
14%
{strănepoți},
14%
{strigă}
14%
{toți}.
14%
{umbre},
14%
{vechiul}
14%
"{Viața-n}
14%
{vine},
14%
{voștri}
14%
{vostru-n}
14%
No matching quizzes found
Score Distribution
Percent of People with Each Score
Percentile by Number Answered
Your Score History
You have not taken this quiz